02406nam a2200397 c 450000100060000000300100000600500170001600700030003300800410003602000150007702000180009204000350011004100130014508200220015810000390018024501580021925000220037726400420039930000180044133600270045933700330048633800280051949000230054750000890057050400410065952008220070052100410152253400580156365000490162165000680167065000690173870000390180794200120184699900170185895201330187558545CO-BoRNBP20250826194902.0ta210825s2017 ck er 000 0dspa d a9584263498 a9789584263490 aCO-BoRNBPbspaerdacCO-BoRNBP1 aspaheng04a303.483bF62m222 aFoer, Franklin,d1974-eaut96346613aUn mundo sin ideas :bla amenaza de las grandes empresas tecnológicas a nuestra identidad /cpor Franklin Foer ; traducción de Pablo Hermida Lazcano. aPrimera edición 1aBogotá, Colombia :bPaidós,c2017 a254 páginas atextobtxt2rdacontent asin mediaciónbn2rdamedia avolumenbnc2rdacarrier0 aPaidós contextos aEl material correspondiente a la dotación PNLB 2022, la fecha de edición es 2017 aIncluye referencias bibliográficas aUn mundo sin ideas Por Franklin Foer ,En las últimas décadas se ha producido una revolución en el control del conocimiento y la información. Sin haber reparado siquiera en las consecuencias, hemos acogido sin dudarlo los productos y servicios de cuatro corporaciones gigantescas: compramos en Amazon, nos relacionamos en facebook, buscamos diversión en Apple e información en Geoogle. Estas empresas nos venden su eficiencia y su intención de hacer del mundo un lugar mejor, pero lo que han logrado en cambio es propiciar los efectos narcóticos de una confortable existencia cotidiana. A medida que esta compañías se han ido expandiendo, proclamándose defensoras de la individualidad y el pluralismo, sus algoritmos nos han ido conduciendo a la conformidad y han causado estragos en la intimidad aRecomendado para un público adulto bWorld without mind. The existential treat of big tech07aConocimientoxAspectos sociales2lemb96346707aDocumentación e información para el desarrollo2lemb96346807aTecnología de la informaciónxAspectos sociales2LEMB963469 aHermida Lazcano, Pabloetrl963470 2ddccBK c58545d58545 00102ddc40708GENaMEMAPJGAbMEMAPJGAcGENd2025-08-26l0o303.483 F62mpMPJG00599r2025-08-26 19:49:31tEj.1w2025-08-26yBK